Curso de oratoria en 12 lecciones
I tiakina i:
| Kaituhi matua: | |
|---|---|
| Hōputu: | Pukapuka |
| Reo: | Pāniora |
| I whakaputaina: |
Santiago
Cruz de Triana
1949
|
| Ngā marau: | |
| Ngā Tūtohu: |
Tāpirihia he Tūtohu
Kāore He Tūtohu, Me noho koe te mea tuatahi ki te tūtohu i tēnei pūkete!
|
MARC
| LEADER | 00000nam a2200000 a 4500 | ||
|---|---|---|---|
| 001 | UCQ6485 | ||
| 003 | CL-VaPUC | ||
| 008 | 981016e19490000CL |||||||||||||||||spa|d | ||
| 082 | 0 | 4 | |a 808.51 |b DHA |2 21 |
| 100 | 0 | |a D'Halmar, Augusto |e author |9 315574 | |
| 245 | 1 | 0 | |a Curso de oratoria en 12 lecciones |
| 300 | |a 79 p | ||
| 942 | |c BK | ||
| 945 | |d 19981016 00:00:00 |a crobeson | ||
| 260 | |a Santiago |b Cruz de Triana |c 1949 | ||
| 650 | 0 | |a Oratoria |9 307605 | |
| 650 | 0 | |a Expresión oral |9 334815 | |
| 650 | 0 | |a Retórica |9 266620 | |
| 650 | 0 | |a Educación lingüística |9 306506 | |
| 583 | |a last modification |c 19981016 00:00:00 |k Rodrigo Vera | ||
| 999 | |c 276440 |d 276438 | ||
| 952 | |0 0 |1 0 |4 0 |6 808_510000000000000_DHA_1949 |7 0 |8 A |9 313664 |a BIBEDU |b BIBEDU |d 2019-11-20 |i 1482173 |o 808.51 DHA 1949 |p 1482173 |r 2019-11-20 |w 2019-11-20 |y BK |k LIT | ||